000 00703nam a2200217 a 4500
003 MX-MxUPN
005 20241128082754.0
008 190807s2016 mx r 100 0 spa d
035 _aUPN01000231835
040 _aMX-MxUPN
_bspa
_cMX-MxUPN
041 0 _aspa
050 1 4 _aLB1028.3
_bC664 2015
111 1 _aCongreso Internacional de Líderes Educativos
_n(2° :
_d2015 :
_cMéxico)
_954817
245 1 0 _a2° Congreso Internacional de Líderes Educativos
260 _aCiudad de México :
_bUNESCO, Oficina en México,
_c2016
300 _a10 páginas +
_e1 CD-ROM
650 4 _aTecnología educativa
_vCongresos
_954816
902 _aVíctor Ruiz/281124
942 _2lcc
_cFOLL
999 _c203930
_d203930